Fuzzy commutative algebra (Record no. 114206)

MARC details
000 -LEADER
fixed length control field 00425 a2200169 4500
005 - DATE AND TIME OF LATEST TRANSACTION
control field 20250910101217.0
008 - FIXED-LENGTH DATA ELEMENTS--GENERAL INFORMATION
fixed length control field 250424b |||||||| |||| 00| 0 eng d
020 ## - INTERNATIONAL STANDARD BOOK NUMBER
International Standard Book Number 981023628x
080 ## - UNIVERSAL DECIMAL CLASSIFICATION NUMBER
Universal Decimal Classification number 512
Item number MOR/F
100 ## - MAIN ENTRY--PERSONAL NAME
Personal name Mordeson,John N
245 ## - TITLE STATEMENT
Title Fuzzy commutative algebra
260 ## - PUBLICATION, DISTRIBUTION, ETC. (IMPRINT)
Name of publisher, distributor, etc World Scientific
Place of publication, distribution, etc Singapore
Date of publication, distribution, etc 1998.
300 ## - PHYSICAL DESCRIPTION
Extent 405p.
653 ## - INDEX TERM--UNCONTROLLED
Uncontrolled term L-Subsets-L-Subgroups
700 ## - ADDED ENTRY--PERSONAL NAME
Personal name Malik,D.S.
942 ## - ADDED ENTRY ELEMENTS (KOHA)
item type Under processing
Holdings
Lost status Source of classification or shelving scheme Not for loan Home library Current library Date acquired Cost, normal purchase price Total Checkouts Full call number Barcode Date last seen Cost, replacement price Price effective from Koha item type
  Universal Decimal Classification   University Library University Library 03/02/2025 9688.64   512 MOR/F 00096552 03/02/2025 12110.80 03/02/2025 Books
University Library, CUSAT